000 01148nam a2200229Ia 4500
001 L235-7394
003 IT-CnALBA
008 170116s9999||||xx |||||||||||||| ||und||
040 _aIT-CnALBA
_cIT-CnALBA
041 _aITALIANO
100 _aWINOWSKA MARIA
245 0 _aLA VERGINE DELLA RIVELAZIONE. IERI E OGGI.
250 _a1a ed.
260 _aCINISELLO BALSAMO (MI)
_bEDIZIONI PAOLINE
_c1959 [1° Ed.:1959 - Ed.Ling.Originale: 1957]
300 _a256 p. (prefazione: 5)
500 _aTRADUZIONE DAL FRANCESE DI C. AMADEI. MARIA NEL MONDO PAGANO. NELLA BIBBIA NEL NUOVO TESTAMENTO. APOCRIFI. TEOTOKOS. ACATISTI E ORIENTE. MEDIOEVO. RIFORMA. CONCILIO TRIDENTINO. APPARIZIONI DI MARIA. BIBLIOGRAFIA.
501 _aSocietà San Paolo EM - Piazza San Paolo, 14 - 12051 ALBA (CN) (non commercial uses only) ® Copyright 2017
520 _aTRADUZIONE DAL FRANCESE DI C. AMADEI. MARIA NEL MONDO PAGANO. NELLA BIBBIA NEL NUOVO TESTAMENTO. APOCRIFI. TEOTOKOS. ACATISTI E ORIENTE. MEDIOEVO. RIFORMA. CONCILIO TRIDENTINO. APPARIZIONI DI MARIA. BIBLIOGRAFIA.
650 _aMARIA SS. ANGELI SANTI DEMONI
942 _cBK
957 _71
999 _a8370
_bNO
_g Copie: 1
_c266576
_d266576